00596nam a22001815i 450000100060000000300090000600500170001500700030003200800410003504000200007610000240009624501120012026000690023230000270030161100450032870000210037385200200039468600ES-MaACL20230906170321.0t|960812s1878 fr ||||1| fre d aCAM bspa cCAM1 aGautier, Hippolyte.14aLes curiosités de l'exposition de 1878 b: guide du visiteur / cpar Hippolyte Gautier et Adrien Desprez. aParis : blibrairie Ch. Delagrave, c1878 (ftypographie Lahure) a[4], 228 p. ; c18 cm.2 aExposition Universelle. d1878. cParis)1 aDesprez, Adrien. aES-MaACLjG-413